[Event "BAN-chT Golden Jubilee 2021-22"]
[Site "Dhaka"]
[Date "2022.03.13"]
[Round "4.16"]
[White "Rahman, Ziaur"]
[Black "Subrota, Biswas"]
[Result "1-0"]
[WhiteElo "2417"]
[BlackElo "2202"]
[Annotator "TA"]
[PlyCount "61"]
[EventDate "2022.03.10"]
[EventType "team-tourn"]
[EventCountry "BAN"]
[SourceTitle "playchess.com"]
[Source "ChessBase"]
[SourceQuality "1"]

{[%evp 14,61,14,10,23,20,16,12,25,5,31,17,18,0,0,0,0,0,7,0,0,0,51,52,54,59,64,62,127,103,134,88,327,305,366,339,346,335,328,352,339,306,476,457,637,610,608,593,612,610]} 1. Nf3 Nf6 2. g3 d5 3. Bg2 c5 4. O-O e6 5. c4 d4 6. e3 Nc6 7. exd4 cxd4 8. d3 Bd6 {A13: English Opening: 1...e6.} 9. Bg5 h6 10. Bxf6 Qxf6 {The position is equal.} 11. Nbd2 Qe7 12. a3 a5 $1 {To avoid b4} 13. Re1 O-O 14. Nb3 {14.Rc1 is more fashionable.} Qf6 15. Nfd2 Bc7 16. Rc1 Rd8 17. Nc5 {[#]} e5 $146 (17... Qe7 $11 18. Na4 e5) ({Predecessor:} 17... Qe7 18. Na4 Ne5 19. Nb6 Bxb6 20. Rxe5 Bd7 21. c5 Bc7 22. Re1 Rab8 23. b4 axb4 24. axb4 {½-½ (36) Papenfuss,I (2478)-Langer,R (2455) ICCF email 2019}) 18. Qa4 $14 Rb8 {[%cal Ob7b6]} 19. b4 axb4 20. axb4 {[%cal Ba3b4,Bb4b5][%mdl 32]} Ne7 {[#]} (20... Qd6 $14) 21. b5 $1 $16 Qb6 22. Ndb3 {White is much more active. Black has bad knights.} (22. Nce4 $142) 22... Bd6 $2 {A mistake that costs the game.} (22... f5 $16 {keeps fighting.}) 23. Ne4 $18 {[%cal Bc5e4,Be4d2,Bd2c4,Bc4d6][%mdl 32] Strongly threatening c5.} Bc7 24. c5 Qe6 25. b6 Bxb6 26. cxb6 Qxb6 27. Ned2 f6 (27... Ng6 $142 28. Qa5 Qxa5 29. Nxa5 f6) 28. Nc4 {White is clearly winning.} Qe6 29. Nc5 Qf7 30. Qa7 Bf5 {[#]} 31. Nd6 $1 {[%mdl 512] Weighted Error Value: White=0.04 (flawless) /Black=0.41} 1-0

[Event "BAN-chT Golden Jubilee 2021-22"]
[Site "Dhaka"]
[Date "2022.03.13"]
[Round "4.17"]
[White "Sadnan Hasan, Dihan"]
[Black "Shawket Bin, Osman Shaon"]
[Result "1-0"]
[WhiteElo "2152"]
[BlackElo "2065"]
[Annotator "TA"]
[PlyCount "123"]
[EventDate "2022.03.10"]
[EventType "team-tourn"]
[EventCountry "BAN"]
[SourceTitle "playchess.com"]
[Source "ChessBase"]
[SourceQuality "1"]

{[%evp 13,123,13,7,-18,-17,-37,-33,-39,-31,-51,-54,-61,-33,-26,-5,-56,-16,-135,-72,-105,-54,-47,-54,-160,-44,-38,-41,-56,-52,-54,-46,-51,-37,-70,-30,-56,0,-43,-51,-47,-47,-104,-21,-52,-21,-64,-22,-22,-22,-20,-22,-34,-25,-53,-29,-20,-17,-24,-18,-18,-24,-51,-56,-70,-7,-8,0,0,14,-8,-8,-8,-8,-8,0,0,0,0,0,0,0,0,0,0,0,0,0,0,0,0,29975,29976,29972,29977,29977,29978,29978,29979,29980,29981,29981,29982,29982,29983,29983,29984,29984,29985,29986,29987,29987,29988]} 1. b3 b6 2. Bb2 Bb7 3. Nf3 e6 4. g3 Nf6 5. Bg2 Be7 6. O-O O-O 7. d4 d5 8. a4 {[#] D02: 1 d4 d5 2 Nf3 sidelines, including 2...Nf6 3 g3 and 2...Nf6 3 Bf4.} c5 $146 ({Predecessor:} 8... Nbd7 9. Ne5 c5 10. e3 Rc8 11. Na3 Ne4 12. Nxd7 Qxd7 13. dxc5 Nxc5 14. Qg4 f6 15. Rfd1 Bd6 {1-0 (39) Sihite,C (2252)-Latifah,L (1897) Tornelo INT 2021}) 9. a5 b5 10. dxc5 {Black is slightly better.} Bxc5 11. Qe1 a6 12. Ne5 Nbd7 13. Nd3 Bd6 14. Nd2 (14. c4 $1 $11) 14... Rc8 15. Ra2 (15. c4 $1 $11) 15... Qe7 (15... e5 $142 16. c4 e4) 16. Ba1 Nc5 (16... Ne4 $17 17. f4 Rc7) 17. Nxc5 $15 Bxc5 18. e4 (18. Bxf6 $15 Qxf6 19. c4) 18... Nxe4 (18... d4 $1 $17 {...e5 is the strong threat.} 19. e5 Bxg2 20. Kxg2 Qb7+ 21. Kg1 Nd5) 19. Nxe4 dxe4 20. Bxe4 Bb4 21. Qe2 {[%cal Oa1g7]} Bxe4 22. Qxe4 Bc3 23. Rd1 Rfd8 24. Rd3 Qf6 ({Black should try} 24... Rxd3 $15 25. Qxd3 Bxa1 26. Rxa1 Qc7) 25. Rf3 (25. Bxc3 $11 Rxc3 26. Qb7) 25... Qd4 $1 (25... Rd1+ $2 26. Kg2 Qe5 27. Qxe5 $18) 26. Qxd4 Bxd4 27. Rd3 {[#]} (27. Bxd4 $15 Rxd4 28. c3) 27... Ba7 ({Better is} 27... Bc5 $1 $17 28. Rxd8+ Rxd8) 28. Rxd8+ $1 $11 Rxd8 {[%mdl 4096] Endgame KRB-KRB} 29. Bc3 {Inhibits Rd2.} (29. c4 $11) 29... f6 (29... Rd1+ $15 30. Kg2 Bc5) 30. Kf1 Kf7 31. Ke2 e5 32. Bb4 Ke6 33. c3 f5 34. Rc2 Rc8 35. Rd2 {Strongly threatening Rd6+.} Bc5 {To avoid Rd6+} 36. Bxc5 $1 Rxc5 {KR-KR} 37. Rd3 e4 38. Re3 {[%cal Og3g4]} g5 (38... Kd5 $15) 39. g4 $1 {[%cal Bg3g4,Bg4h5,Bh5h6,Bh6h7][%mdl 32]} h5 40. gxh5 Ke5 41. h6 {aiming for h7.} g4 $1 {White must now prevent ...f4.} 42. Rg3 Rc6 43. h3 (43. h7 $2 Rh6 44. c4 bxc4 45. bxc4 Rxh2 $19) 43... Kf4 44. h7 Rh6 {[%csl LRh3,LRh7]} 45. hxg4 fxg4 46. c4 {[%cal Bc3c4,Bc4c5][%mdl 32]} b4 47. c5 Rxh7 48. Rg1 Rc7 49. Rc1 Ke5 $1 50. Ke3 Kd5 51. Rd1+ Kxc5 $2 {[%mdl 8192]} (51... Ke5 $11 52. Rc1 Kd5) 52. Rc1+ {White mates.} Kd6 53. Rxc7 Kxc7 54. Kxe4 {K3P-K3P} Kc6 55. Kf4 Kb5 56. Kxg4 Kxa5 {KPP-KPP} 57. f4 {[%cal Bf2f4,Bf4f5,Bf5f6,Bf6f7][%mdl 32]} Kb6 58. f5 Kc6 59. Kg5 (59. f6 Kd7 60. Kf5 Ke8 $11) 59... Kd7 60. Kg6 a5 {[#]} 61. f6 $1 a4 62. f7 {Weighted Error Value: White=0.15 (very precise) /Black=0.28 (precise)} ({Not} 62. bxa4 b3 63. Kg7 b2 $11) 1-0

[Event "BAN-chT Golden Jubilee 2021-22"]
[Site "Dhaka"]
[Date "2022.03.13"]
[Round "4.18"]
[White "Aditya Mittal"]
[Black "Sankalp Gupta"]
[Result "1-0"]
[WhiteElo "2487"]
[BlackElo "2536"]
[Annotator "TA"]
[PlyCount "79"]
[EventDate "2022.03.10"]
[EventType "team-tourn"]
[EventCountry "BAN"]
[SourceTitle "playchess.com"]
[Source "ChessBase"]
[SourceQuality "1"]

{[%evp 9,79,31,29,34,45,31,52,54,51,42,50,31,31,30,37,30,64,45,105,62,96,72,156,148,331,177,183,147,162,139,134,152,333,125,136,139,168,167,175,140,184,104,119,108,133,121,152,152,183,183,175,181,177,187,192,177,199,193,191,191,207,213,219,231,216,225,225,217,408,408,408,401]} 1. d4 d5 2. c4 e6 3. Nf3 a6 4. cxd5 exd5 5. Nc3 c6 6. Qb3 {D31: Queen's Gambit Declined: Semi-Slav without ...Nf6 (+ Marshall Gambit and Noteboom) and Exchange Variation lines without ...Nf6.} b5 7. Bf4 {[#]} (7. e4 {with more complications.} dxe4 8. Nxe4 Be6 9. Qc3 Be7 10. Bd3) 7... Bd6 $146 ({Predecessor:} 7... Nf6 8. e3 Bf5 9. Be2 Nbd7 10. O-O Be7 11. Ne5 Nxe5 12. Bxe5 O-O 13. Rac1 Nd7 {0-1 (52) Jedlicka,A (2236)-Kriebel,T (2514) Ostrava 2019}) 8. Bxd6 {White is slightly better.} Qxd6 9. e4 {[%cal Be2e4,Be4e5][%mdl 32]} Ne7 10. a4 {[%cal Ra4b5]} bxa4 11. Rxa4 O-O 12. Bd3 Ng6 13. e5 Qe6 (13... Qe7 $14) 14. Ne2 {White is much more active.} (14. O-O $16) 14... Nd7 15. Qc2 {Prevents c5.} Bb7 (15... f6 $142) 16. h4 $16 {[%cal Bh2h4,Bh4h5][%mdl 32] Black must now prevent Bf5.} Rfc8 $2 (16... c5 $16) 17. b4 (17. Ng5 $142 Qe7 18. e6 fxe6 19. Bxg6 hxg6 20. Nf4 (20. Qxg6 Nf8 $14)) 17... Qe7 18. h5 Ngf8 19. Ng3 {Nf5 is the strong threat.} g6 {[%cal Oa6a5] Inhibits Nf5.} 20. O-O Ne6 $2 (20... Rc7 $16 {was necessary.} 21. Rb1 Rcc8) 21. Qd2 $2 (21. hxg6 $18 {Threatens to win with Nf5.} fxg6 {[#]} 22. Bxg6 $1 {[%mdl 512]}) 21... Rcb8 22. Rc1 Qd8 23. Ne2 Ndf8 24. g3 Bc8 (24... Qd7 $16) 25. Kg2 ({But not} 25. Rxc6 Qe8 26. b5 (26. Raxa6 Bxa6 27. Rxa6 Rxa6 $15) 26... axb5 27. Rxa8 Rxa8 $16) (25. hxg6 $18 fxg6 26. Rxc6) 25... Rb6 26. Rh1 Rab8 27. Ne1 Bd7 {[%cal Oc6c5]} 28. Nc2 ({Much less strong is} 28. Bxa6 $6 c5 29. dxc5 (29. bxc5 Rb2 $17) 29... Bxa4 $14) (28. Rxa6 Rxa6 29. Bxa6 Qb6 $11) 28... c5 {[#]} 29. bxc5 $1 {And now Raa1 would win.} Bxa4 30. cxb6 Bxc2 31. Bxc2 Rxb6 32. Bd3 Qe7 33. hxg6 fxg6 34. Ra1 Nc7 35. Qa5 Qb4 36. Nf4 {[%cal Be2f4,Bf4d5,Bd5c7][%mdl 32]} Qxa5 (36... Qxd4 $2 37. Ra4 Qb2 38. Nxd5 Nxd5 39. Qxd5+ Re6 40. Bc4 $18) 37. Rxa5 Rb4 38. Nxd5 Rxd4 (38... Nxd5 39. Rxd5 Ne6 40. Bxa6 Nxd4) 39. Nxc7 $18 Rxd3 40. e6 {Inhibits Rd7.  Weighted Error Value: White=0.22 (precise) /Black=0.32} 1-0

[Event "BAN-chT Golden Jubilee 2021-22"]
[Site "Dhaka"]
[Date "2022.03.13"]
[Round "4.19"]
[White "Narayanan, Srinath"]
[Black "Pranav Vijay"]
[Result "1-0"]
[WhiteElo "2553"]
[BlackElo "2265"]
[Annotator "TA"]
[PlyCount "89"]
[EventDate "2022.03.10"]
[EventType "team-tourn"]
[EventCountry "BAN"]
[SourceTitle "playchess.com"]
[Source "ChessBase"]
[SourceQuality "1"]

{[%evp 20,88,0,0,0,0,0,-25,0,0,0,0,0,0,20,16,22,14,14,0,0,3,0,0,10,7,95,58,89,109,94,85,91,56,114,116,211,210,402,413,387,401,481,509,505,505,480,484,539,526,525,479,564,561,588,570,574,545,602,591,616,603,12841,12842,12842,12843,29997,29998,29998,29999,29999]} 1. d4 Nf6 2. c4 e6 3. Nc3 Bb4 4. e3 O-O 5. Bd3 d5 6. Nf3 c5 7. O-O cxd4 8. exd4 dxc4 9. Bxc4 b6 10. Bd3 Bb7 11. a3 {11.Re1 is vanishing.} Be7 {E54: Nimzo-Indian: Rubinstein: Main Line: 7...dxc4 8 Bxc4.} 12. Qe2 $5 {[%mdl 4] [#] Exploring less charted territory.} Nc6 $146 ({Predecessor:} 12... Nbd7 13. Bf4 Nh5 14. Be3 Qb8 15. Ne5 Nhf6 16. f4 a6 17. Rad1 Qd6 18. Bb1 Rad8 {0-1 (55) Nepomniachtchi,I (2445)-Popov,V (2547) St Petersburg 2004}) 13. Rd1 Qc7 {Black has an edge.} 14. Nb5 Qd7 15. Bf4 Nd5 16. Bg3 ({Avoid the trap} 16. Qe4 $2 f5 17. Qe1 Nxf4 $19) 16... Rfd8 17. Ne5 Nxe5 18. dxe5 Ba6 19. h4 {[%cal Oe2e4]} Rac8 20. h5 $40 {[%mdl 128] White has some attack.} Rc5 {[%cal Ra6b5]} 21. a4 {[%cal Ob2b4]} g6 22. Qf3 {[%cal Ob2b4]} Qe8 {[#]} (22... Bxb5 $11 23. axb5 Rdc8) 23. hxg6 $1 $16 {White is more active. Black is on the road to losing.} hxg6 24. Nd6 Bxd6 25. exd6 Bxd3 26. Rxd3 f6 {Inhibits Be5.} (26... Nb4 $14) 27. Re1 Qf7 {[#]} (27... a5 $16 {might work better.}) 28. Qg4 $1 $18 {Hoping for b4.} f5 $2 (28... b5 29. Rxe6 (29. Qxe6 Qxe6 30. Rxe6 bxa4 $16) 29... Rc1+ 30. Kh2 Qh7+ 31. Qh3 Qxh3+ 32. gxh3 Rc5) 29. Qh4 {Threatening mate with Be5.} Qf6 {[#]} 30. Rxd5 $1 {[%mdl 512]} g5 (30... Qxh4 31. Bxh4) 31. Qd4 Qxd4 32. Rxd4 {aiming for f4.} f4 33. Bh2 e5 34. Rd2 Kf7 35. g3 Kf6 36. d7 Rc4 37. gxf4 gxf4 38. b3 Rc7 39. Rd6+ Kf5 40. Rd5 Kg4 41. Rdxe5 {White wants to mate with Kg2.} Rdxd7 42. f3+ Kxf3 43. Rf1+ {White mates.} Kg4 44. Rxf4+ Kh3 45. Rh5# {Weighted Error Value: White=0.01 (flawless) /Black=0.36} 1-0

[Event "BAN-chT Golden Jubilee 2021-22"]
[Site "Dhaka"]
[Date "2022.03.13"]
[Round "4.20"]
[White "Chatterjee, Debaraj"]
[Black "Anata, Choudhury"]
[Result "1/2-1/2"]
[WhiteElo "2196"]
[BlackElo "2170"]
[Annotator "ChessBase"]
[PlyCount "111"]
[EventDate "2022.03.10"]
[EventType "team-tourn"]
[EventCountry "BAN"]
[SourceTitle "playchess.com"]
[Source "ChessBase"]
[SourceQuality "1"]
[TimeControl "40/5400+30:1800+30"]

1. d4 {[%emt 0:01:40]} Nf6 {[%emt 0:00:16]} 2. c4 {[%emt 0:00:15]} e6 {[%emt 0:00:12]} 3. Nf3 {[%emt 0:00:07]} d5 {[%emt 0:00:09]} 4. g3 {[%emt 0:00:18]} Bb4+ {[%emt 0:00:19]} 5. Bd2 {[%emt 0:00:25]} a5 {[%emt 0:00:16]} 6. Bg2 {[%emt 0:01:03]} O-O {[%emt 0:00:20]} 7. O-O {[%emt 0:02:15]} dxc4 {[%emt 0:00:47]} 8. Qc2 {[%emt 0:01:04]} b5 {[%emt 0:05:18]} 9. a4 {[%emt 0:00:42]} c6 {[%emt 0:00:30]} 10. axb5 {[%emt 0:02:28]} Bxd2 {[%emt 0:01:09]} 11. Nfxd2 {[%emt 0:03:19]} Nd5 {[%emt 0:03:07]} 12. Na3 {[%emt 0:30:12]} cxb5 {[%emt 0:01:53]} 13. Nxb5 {[%emt 0:00:12]} Ba6 {[%emt 0:00:31]} 14. Nc3 {[%emt 0:12:02]} Nc6 {[%emt 0:01:11]} 15. e3 {[%emt 0:03:13]} Rb8 {[%emt 0:20:42]} 16. Rfb1 {[%emt 0:01:37]} Rb4 {[%emt 0:21:43]} 17. Na2 {[%emt 0:06:42]} Bb5 {[%emt 0:09:32]} 18. Nxb4 {[%emt 0:04:43]} Ncxb4 {[%emt 0:00:10]} 19. Qc1 {[%emt 0:07:58]} Nd3 {[%emt 0:00:15]} 20. Qd1 {[%emt 0:20:15]} c3 {[%emt 0:32:10]} 21. Ne4 {[%emt 0:00:30]} Nxb2 {[%emt 0:00:00]} 22. Qb3 {[%emt 0:00:00]} Bc4 {[%emt 0:00:00]} 23. Qa3 {[%emt 0:00:00]} Bd3 {[%emt 0:00:00]} 24. Rc1 {[%emt 0:00:00]} Nc4 {[%emt 0:00:00]} 25. Qa4 {[%emt 0:00:00]} c2 {[%emt 0:00:00]} 26. Rxc2 {[%emt 0:00:53]} Ncb6 {[%emt 0:00:40]} 27. Qb3 {[%emt 0:00:44]} Bxc2 {[%emt 0:00:24]} 28. Qxc2 {[%emt 0:00:02]} a4 {[%emt 0:00:55]} 29. Nc5 {[%emt 0:00:48]} Qc7 {[%emt 0:00:17]} 30. Qb1 {[%emt 0:01:04]} Rd8 {[%emt 0:00:26]} 31. Bxd5 {[%emt 0:00:55]} Rxd5 {[%emt 0:00:23]} 32. Nxa4 {[%emt 0:00:23]} Nxa4 {[%emt 0:00:32]} 33. Rxa4 {[%emt 0:00:02]} g6 {[%emt 0:00:19]} 34. Rb4 {[%emt 0:00:20]} Kg7 {[%emt 0:00:56]} 35. Rb7 {[%emt 0:00:18]} Qc3 {[%emt 0:00:26]} 36. Rb3 {[%emt 0:00:37]} Qd2 {[%emt 0:01:21]} 37. Rb2 {[%emt 0:00:38]} Qa5 {[%emt 0:00:41]} 38. Qc1 {[%emt 0:01:12]} Qa8 {[%emt 0:00:53]} 39. Rb1 {[%emt 0:00:28]} Ra5 {[%emt 0:00:37]} 40. Qc3 {[%emt 0:00:00]} Ra3 {[%emt 0:00:00]} 41. Qc7 {[%emt 0:05:22]} Qe4 {[%emt 0:02:02]} 42. Qb7 {[%emt 0:04:28]} Qf5 {[%emt 0:01:31]} 43. Kg2 {[%emt 0:02:13]} Ra2 {[%emt 0:00:23]} 44. Rb2 {[%emt 0:03:48]} Ra1 {[%emt 0:00:26]} 45. e4 {[%emt 0:02:00]} Qg4 {[%emt 0:01:25]} 46. f3 {[%emt 0:00:24]} Qg5 {[%emt 0:00:31]} 47. Qc7 {[%emt 0:08:51]} Rc1 {[%emt 0:12:07]} 48. Rc2 {[%emt 0:01:55]} Rd1 {[%emt 0:01:17]} 49. Qc3 {[%emt 0:00:21]} Qb5 {[%emt 0:00:37]} 50. d5+ {[%emt 0:02:32]} Kh6 {[%emt 0:00:32]} 51. Rf2 {[%emt 0:02:07]} exd5 {[%emt 0:02:24]} 52. Qe5 {[%emt 0:00:21]} Qd7 {[%emt 0:01:04]} 53. g4 {[%emt 0:01:18]} dxe4 {[%emt 0:01:58]} 54. Qxe4 {[%emt 0:01:02]} Qd4 {[%emt 0:01:14]} 55. Qxd4 {[%emt 0:00:13]} Rxd4 {[%emt 0:00:05]} 56. Kg3 {[%emt 0:00:22]} 1/2-1/2

[Event "BAN-chT Golden Jubilee 2021-22"]
[Site "Dhaka"]
[Date "2022.03.13"]
[Round "4.21"]
[White "Manon, Reja Neer"]
[Black "Mohammed Abdul, Malek"]
[Result "1-0"]
[WhiteElo "2209"]
[BlackElo "2148"]
[Annotator "ChessBase"]
[PlyCount "53"]
[EventDate "2022.03.10"]
[EventType "team-tourn"]
[EventCountry "BAN"]
[SourceTitle "playchess.com"]
[Source "ChessBase"]
[SourceQuality "1"]
[TimeControl "40/5400+30:1800+30"]

1. Nf3 {[%emt 0:00:16]} d5 {[%emt 0:00:07]} 2. g3 {[%emt 0:01:32]} Nf6 {[%emt 0:00:23]} 3. Bg2 {[%emt 0:00:04]} g6 {[%emt 0:00:23]} 4. d4 {[%emt 0:03:00]} Bg7 {[%emt 0:00:08]} 5. c4 {[%emt 0:01:10]} c6 {[%emt 0:00:06]} 6. Nc3 {[%emt 0:10:28]} O-O {[%emt 0:01:20]} 7. O-O {[%emt 0:05:13]} b6 {[%emt 0:07:19]} 8. Bf4 {[%emt 0:02:42]} Bb7 {[%emt 0:01:18]} 9. Qb3 {[%emt 0:16:27]} dxc4 {[%emt 0:05:29]} 10. Qxc4 {[%emt 0:01:18]} Nd5 {[%emt 0:00:38]} 11. Qb3 {[%emt 0:09:20]} Nxf4 {[%emt 0:05:09]} 12. gxf4 {[%emt 0:00:12]} Qd6 {[%emt 0:00:21]} 13. e3 {[%emt 0:00:55]} Nd7 {[%emt 0:07:33]} 14. Ne5 {[%emt 0:06:01]} Nf6 {[%emt 0:01:27]} 15. Nb5 {[%emt 0:05:15]} cxb5 {[%emt 0:00:52]} 16. Bxb7 {[%emt 0:00:03]} Rab8 {[%emt 0:00:41]} 17. Bg2 {[%emt 0:05:57]} a6 {[%emt 1:05:46]} 18. Rac1 {[%emt 0:00:11]} Rbd8 {[%emt 0:00:00]} 19. Rc6 {[%emt 0:03:01]} Qb8 {[%emt 0:00:00]} 20. Rfc1 {[%emt 0:03:33]} e6 {[%emt 0:00:00]} 21. Qa3 {[%emt 0:06:45]} a5 {[%emt 0:00:00]} 22. Qd3 {[%emt 0:00:49]} b4 {[%emt 0:00:00]} 23. Qa6 {[%emt 0:03:40]} Nd5 {[%emt 0:00:00]} 24. Nd3 {[%emt 0:03:07]} Bxd4 {[%emt 0:00:00]} 25. exd4 {[%emt 0:02:41]} Nxf4 {[%emt 0:00:00]} 26. Rxb6 {[%emt 0:00:27]} Ne2+ {[%emt 0:00:00]} 27. Kh1 {[%emt 0:00:07]} 1-0

[Event "BAN-chT Golden Jubilee 2021-22"]
[Site "Dhaka"]
[Date "2022.03.13"]
[Round "4.22"]
[White "Mohammad Nubairshah Shaikh"]
[Black "Bharath Subramaniyam H"]
[Result "0-1"]
[WhiteElo "2436"]
[BlackElo "2508"]
[Annotator "TA"]
[PlyCount "114"]
[EventDate "2022.03.10"]
[EventType "team-tourn"]
[EventCountry "BAN"]
[SourceTitle "playchess.com"]
[Source "ChessBase"]
[SourceQuality "1"]

{[%evp 9,114,29,24,29,30,36,35,29,26,20,33,25,25,19,24,16,18,18,18,24,17,16,25,0,0,0,0,0,0,0,16,8,22,29,34,14,13,15,16,16,36,0,0,-14,0,0,-7,-8,-10,-14,-11,-11,-10,-8,-10,-44,-24,-32,-29,-68,-57,-62,-51,-61,-18,-22,-24,-31,-21,-63,-60,-139,-145,-146,-142,-178,-82,-82,-78,-106,-108,-107,-112,-109,-116,-103,-60,-145,-128,-144,-63,-29978,-29979,-29978,-179,-29984,-29985,-29985,-29986,-29986,-29987,-29987,-29988,-29988,-29989,-29991,-29992]} 1. Nf3 d6 2. d4 Nf6 3. c4 g6 4. Nc3 Bf5 5. d5 Bg7 6. Nd4 {E61: King's Indian: Early deviations for White, including Smyslov System.} Bd7 7. e4 O-O 8. Be2 {White is slightly better.} Na6 9. O-O Nc5 10. f3 {[#]} e5 $146 ({Predecessor:} 10... a5 11. Bg5 h6 12. Be3 Kh7 13. Qd2 e5 14. Nb3 b6 15. Nxc5 bxc5 16. g4 Ng8 {0-1 (41) Ding,L (2702)-Jobava,B (2711) Beijing 2012}) 11. dxe6 fxe6 12. Be3 e5 13. Nb3 b6 14. Nxc5 bxc5 15. Qd2 Nh5 16. Bg5 Bf6 17. Bh6 Bg7 18. Bg5 Bf6 19. Bh6 Rf7 {[%cal Oh5f4]} 20. Nd5 Bg7 21. Bg5 Qb8 {[%cal Oh5f4]} 22. g3 {Prevents Nf4.} Bh3 23. Rf2 Qf8 24. Rd1 Re8 25. Bf1 (25. a3 {keeps more tension.} h6 26. Be3 Rb8 27. b4 c6 28. Nc3) 25... Bxf1 26. Rdxf1 h6 27. Be3 c6 28. Nc3 {[#]} Nf4 $1 29. gxf4 exf4 30. Bxf4 Bxc3 31. Qxc3 ({Don't play} 31. Qxd6 Bd4 32. Qxf8+ (32. Qxg6+ $2 Rg7 $19) 32... Rfxf8 $17) 31... Rxf4 32. Rg2 Kh7 {[%cal Oe8e4] Threatening ...Rexe4!} 33. Qd3 Re6 34. Rg3 Qf6 35. Rg2 Qe5 36. Qc3 Qh5 (36... Qxc3 $15 37. bxc3 g5) 37. Qa3 Rf7 38. Qa6 Ref6 39. Rg3 ({Not} 39. f4 $2 Rxf4 40. Rb1 Qf3 $19) (39. Rgf2 $11 {should be considered.}) 39... Qe5 $15 40. Rf2 (40. Qxc6 $15 Qxb2 41. Qa4) 40... d5 $1 $17 41. exd5 cxd5 42. Qa4 Qd4 (42... d4 $19 {has better winning chances. Strongly threatening ...Qe1+.} 43. Qd1 Re6) 43. Qc2 dxc4 44. Kg2 h5 45. Rd2 {[#]} Qf4 {Black is more active.} 46. Re2 Rd6 {White must now prevent ...h4.} 47. Qe4 Qc1 ({Black should try} 47... Qf6 $17 {Hoping for ...h4.} 48. Qxc4 h4) 48. Qe8 {[#]} (48. Rf2 $15) 48... Rg7 $1 49. Kh3 Rd4 (49... Qf1+ $17 50. Reg2 Qd3) 50. Qc6 $2 {[%mdl 8192] This costs White the game.} (50. Qe5 $15) 50... Qf1+ 51. Reg2 Rf4 $2 (51... g5 $1 {mates} 52. Rxg5 Rxg5 53. Qb7+ Kg6 54. Qa6+ Kf7 55. Qb7+ Kf6 56. Qc6+ Ke7 57. Qb7+ Rd7 58. Kh4 Rxb7 59. Rxg5 Rxb2 60. h3 c3 61. Rg8 Qxf3 62. Rg7+ Kf6 63. Rf7+ Kxf7 64. Kg5 Rxa2 65. Kh6 Qf5 66. h4 Qg6#) 52. Rxg6 $2 (52. Qd5 $19) 52... Rxf3+ {Black mates.} 53. Kh4 Rf4+ 54. Kh3 Qd3+ 55. R2g3 Qf5+ 56. Kg2 Rxg6 57. Qc7+ Kh6 {Weighted Error Value: White=0.29 (precise) /Black=0.19 (very precise)} 0-1